Normal view
MARC view
- جامعة فيلادلفيا - الاردن؛ تحرير وتقديم صالح خليل أبو أصبع، تحرير وتقديم محمد عبيد الله
Entry Personal Name
001 - CONTROL NUMBER
- control field: 43359
003 - CONTROL NUMBER IDENTIFIER
- control field: JO-AjAnu
005 - DATE AND TIME OF LATEST TRANSACTION
- control field: 20230606081203.0
008 - FIXED-LENGTH DATA ELEMENTS
- fixed length control field: 230606|| aca||aabn | a|a d
040 ## - CATALOGING SOURCE
- Original cataloging agency: JO-AjAnu
- Transcribing agency: JO-AjAnu
100 ## - HEADING--PERSONAL NAME
- Personal name: جامعة فيلادلفيا - الاردن؛ تحرير وتقديم صالح خليل أبو أصبع، تحرير وتقديم محمد عبيد الله
670 ## - SOURCE DATA FOUND
- Source citation: Work cat.: (JO-AjAnu)22203: جامعة فيلادلفيا - الاردن؛ تحرير وتقديم صالح خليل أبو أصبع، تحرير وتقديم محمد عبيد الله, author, الثقافات الشعبية: دراسات في السرد والشعر والغناء: أوراق مؤتمر فيلادلفيا الدولي السادس عشر 21-24 تشرين الثاني ( نوفمبر) 2011: بحوث علمية محكمة = Philadelephia International Conference Popular Cultures 21-24 November 2011